Príspevok k riešeniu viazaných magneto-elektro-elastických úloh mechaniky

Na minha lista:
Detalhes bibliográficos
Autor principal: Kosnáč, Ján, 1983- (Author)
Outros Autores: Élesztös, Pavel, 1948- (xxx)
Formato: Livro
Idioma:eslovaco
Publicado em: Bratislava : STU v Bratislave, 2013
Edição:1. vyd.
Assuntos:
Tags: Adicionar Tag
Sem tags, seja o primeiro a adicionar uma tag!

MARC

LEADER 00000nam a22000003a 4500
001 stu274026
005 20150617230237.7
008 130909s--------xo------------------slo-d
040 |a STU  |b slo 
041 0 |a slo 
044 |a xo 
100 1 |a Kosnáč, Ján,  |d 1983-  |4 aut  |u J0010  |U SjF Strojnícka fakulta  |T SjF Ústav aplikovanej mechaniky a mechatroniky  |X 14471  |U J0010  |Y 801  |7 A000014471 
245 1 |a Príspevok k riešeniu viazaných magneto-elektro-elastických úloh mechaniky 
250 |a 1. vyd. 
260 |a Bratislava :  |b STU v Bratislave,  |c 2013 
300 |a 124 s., CD 
650 7 |a aplikovaná mechanika  |2 stusub 
700 1 |a Élesztös, Pavel,  |d 1948-  |4 xxx  |u J0010  |U SjF Strojnícka fakulta  |T SjF Ústav aplikovanej mechaniky a mechatroniky  |X 2450  |U J0010  |Y 801  |7 A000002450 
996 |b 284J041213  |c J*115985  |l JJST  |s P  |a 0  |w stu274026_0001